| 000 | 01291nas a2200277 a 4500 | ||
|---|---|---|---|
| 001 | 51947 | ||
| 003 | BD-RjUL | ||
| 005 | 20211209075732.0 | ||
| 008 | 160905s1966 dcu x s f0 a0eng c | ||
| 035 | _a(BD-RjUL)52067 | ||
| 040 |
_aTxDaM-L _beng _cTxDaM-L _dOCoLC _dMH _dBD-RjUL |
||
| 041 | _aeng | ||
| 082 |
_223 _a341.0262 _bTRE 1966 |
||
| 110 | 1 |
_aUnited States. _9155347 |
|
| 245 | 1 | 0 |
_aTreaty series : _bTreaties and international agreements registered or field and recorded with the secretariat of the united nations / |
| 260 |
_aNew york : _bUnited Nations., _c1966 |
||
| 300 |
_a280 p. ; _c23 cm. |
||
| 500 | _aCumulative index no. 5(volumes 401 to 450) I: Treaties nos. 5758 to 6481 (registered) II: Treaties nos. 589 to 599 (filed and recorded) | ||
| 650 | 7 |
_aTreaty series (United Nations) _x Indexes. _9147963 |
|
| 655 | 0 |
_aElectronic journals. _9119121 |
|
| 776 | 1 |
_tTreaty series _w(DLC)32009417 |
|
| 785 | 1 | 7 |
_aUnited States. _tExecutive agreement series _w(DLC)sn 95030638 _w(OCoLC)16915693 |
| 785 | 1 | 7 |
_aUnited States. _tTreaties and other international acts series _x0083-0816 _w(DLC) 46006169 _w(OCoLC)1774183 |
| 856 | 4 | 0 |
_uhttp://www.columbia.edu/cgi-bin/cul/resolve?clio9608671 _zFull text available from HeinOnline U.S. Treaties and Agreements Library |
| 942 |
_2ddc _cBK |
||
| 999 |
_c51947 _d51947 |
||